Fairness in intellectual property law : searching for a uniform concept /

"This book contends that the concept of fairness should be embraced and developed as a middle ground between strictly utilitarian and fundamental rights-based approaches to intellectual property (IP) law. Annette Kur, Nari Lee and Anna Tischner provide elegant arguments as to why this should be...

Full description

Bibliographic Details
Main Authors: Kur, Annette (Author), Lee, Nari (Author), Tischner, Anna (Author)
Format: eBook
Language:English
Published: Cheltenham, UK ; Northampton, Massachusetts : Edward Elgar Publishing Limited, 2024.
Series:Elgar monographs in intellectual property law.
Subjects:
Online Access:Connect to the full text of this electronic book

MARC

Tag First Indicator Second Indicator Subfields
LEADER 00000cam a2200000 i 4500
001 in00005614607
006 m o d
007 cr |||||||||||
008 241112s2024 enk ob 001 0 eng d
005 20250127190222.6
035 |a (OCoLC)on1468506475 
040 |a CLU  |b eng  |e rda  |e pn  |c CLU  |d CLU  |d OCLCO  |d YDX  |d UKAHL 
020 |a 9781800883062  |q (eBook) 
020 |a 1800883064  |q (eBook) 
020 |z 9781800883055  |q (cased) 
035 |a (OCoLC)1468506475 
043 |a e------ 
050 4 |a KJE2636 
049 |a TXAM 
100 1 |a Kur, Annette,  |e author.  |1 https://id.oclc.org/worldcat/entity/E39PCjMfHRJRMbqWrHC9PYcdPP 
245 1 0 |a Fairness in intellectual property law :  |b searching for a uniform concept /  |c Annette Kur, Nari Lee, and Anna Tischner. 
264 1 |a Cheltenham, UK ;  |a Northampton, Massachusetts :  |b Edward Elgar Publishing Limited,  |c 2024. 
300 |a 1 online resource (xi, 454 pages) 
336 |a text  |b txt  |2 rdacontent 
337 |a computer  |b c  |2 rdamedia 
338 |a online resource  |b cr  |2 rdacarrier 
490 1 |a Elgar monographs in intellectual property law 
504 |a Includes bibliographical references and index. 
505 0 |a Fairness in Intellectual Property Law : an introduction -- Part I: Secondary EU law as a source for conceptualizing fairness -- Fairness and related concepts in EU unfair competition law -- Honest commercial practices and similar concepts in trade mark law -- The concept of honest practices in EU trade secrets and data law -- Part II: Fairness in light of overarching principles in primary EU law -- Undistorted competition and fundamental freedoms -- Fairness, intellectual property and fundamental rights -- Part III: Defining and measuring fairness -- Economics, distributive justice and moral perspectives -- The role of empirical evidence -- Part IV: Normative framework and fairness of procedure -- Normative structure for fairness -- Access to justice and fairness of sanctions -- Part V: The fairness approach in operation -- Practicing fairness erga omnes : design law as an example -- Fairness inter partes -- Conclusions: Operationalizing fairness. 
520 |a "This book contends that the concept of fairness should be embraced and developed as a middle ground between strictly utilitarian and fundamental rights-based approaches to intellectual property (IP) law. Annette Kur, Nari Lee and Anna Tischner provide elegant arguments as to why this should be the case, and offer insights into how the operation of fairness as a legal notion can fulfil the role of mediator between the property aspects of IP law, market regulation and general welfare." 
588 0 |a Online resource; title from home page (Elgaronline, viewed on November 12, 2024). 
650 0 |a Intellectual property  |z European Union countries. 
650 0 |a Fairness. 
650 0 |a Competition, Unfair  |z European Union countries. 
650 6 |a Propriété intellectuelle  |z Pays de l'Union européenne. 
650 6 |a Impartialité. 
655 7 |a Electronic books.  |2 local 
700 1 |a Lee, Nari,  |e author.  |1 https://id.oclc.org/worldcat/entity/E39PCjC9cpR7jV93B9H486G3jP 
700 1 |a Tischner, Anna,  |e author. 
830 0 |a Elgar monographs in intellectual property law. 
856 4 0 |u https://www.elgaronline.com/view/book/9781800883062/9781800883062.xml  |z Connect to the full text of this electronic book  |t 0 
955 |a Elgar Open Access ebooks 
994 |a 92  |b TXA 
999 f f |s ead15dcd-7f84-43f2-ba0a-785a70a6e01f  |i 011ae888-584b-4bad-845a-2ca370f1d2e7  |t 0 
952 f f |a Texas A&M University  |b College Station  |c Electronic Resources  |d Available Online  |t 0  |e KJE2636   |h Library of Congress classification 
998 f f |a KJE2636   |t 0  |l Available Online